000 00883nam a22001937a 4500
005 20250829090819.0
008 240902b ||||| |||| 00| 0 eng d
082 _aDPer 372.05 El262 September-December 2019 v. 120 n. 1-2
100 _aDack, Hilary.
_eauthor.
_959681
245 _aVisions of differentiation :
_bA longitudinal multicase study of preservice and beginning elementary teachers /
_cHilary Dack, Neil O'Reilly, Peter Youngs, and Eugenia Hopper.
260 _aGoldenrey ;
_bDirect Marketing Inc. ,
_cSeptember 2019.
300 _avolume 120, pages 132-176 ;
_c26 cm.
500 _aThe elementary school journal, vol. 120, no. 1, pages 132-175, September 2019.
700 _aDack, Hilary.
_eauthor.
_959681
700 _aO'Reilly, Neil.
_eauthor.
_959682
700 _aYoungs, Peter.
_eauthor.
_959683
700 _aHopper, Eugenia.
_eauthor.
_959684
942 _2ddc
_cPER
999 _c21143
_d21143